<?xml version='1.0' encoding='UTF-8'?><?xml-stylesheet href='static/style.xsl' type='text/xsl'?><OAI-PMH xmlns="http://www.openarchives.org/OAI/2.0/" xmlns:xsi="http://www.w3.org/2001/XMLSchema-instance" xsi:schemaLocation="http://www.openarchives.org/OAI/2.0/ http://www.openarchives.org/OAI/2.0/OAI-PMH.xsd"><responseDate>2026-05-01T00:25:41Z</responseDate><request verb="GetRecord" identifier="oai:ebiltegia.mondragon.edu:20.500.11984/4063" metadataPrefix="marc">https://ebiltegia.mondragon.edu/oai/request</request><GetRecord><record><header><identifier>oai:ebiltegia.mondragon.edu:20.500.11984/4063</identifier><datestamp>2024-01-04T21:56:53Z</datestamp><setSpec>com_20.500.11984_1736</setSpec><setSpec>com_20.500.11984_1627</setSpec><setSpec>col_20.500.11984_1972</setSpec></header><metadata><record xmlns="http://www.loc.gov/MARC21/slim" xmlns:dcterms="http://purl.org/dc/terms/" xmlns:xsi="http://www.w3.org/2001/XMLSchema-instance" xmlns:doc="http://www.lyncode.com/xoai" xsi:schemaLocation="http://www.loc.gov/MARC21/slim http://www.loc.gov/standards/marcxml/schema/MARC21slim.xsd">
   <leader>00925njm 22002777a 4500</leader>
   <datafield ind2=" " ind1=" " tag="042">
      <subfield code="a">dc</subfield>
   </datafield>
   <datafield ind2=" " ind1=" " tag="720">
      <subfield code="a">Mondragon Unibertsitatea</subfield>
      <subfield code="e">author</subfield>
   </datafield>
   <datafield ind2=" " ind1=" " tag="260">
      <subfield code="c">2014-11-11</subfield>
   </datafield>
   <datafield ind2=" " ind1=" " tag="520">
      <subfield code="a">Mondragon Unibertsitateko bi aditu titulu propio eskainiko dira urte berriarekin batera: Kirol-hezitzailea eta Komunikazioa erakundeetan aditu titulua. Graduondo biek, astean behineko eskolak presentzialak izango dituzte, Aretxabaletako campusean. Bi bideo laburretan jaso ditugu aditu horien ezaugarri nagusiak. Gainera, abenduaren 11n, arratsaldeko 18:30etan, Infomazio saio irekiak egingo dira Aretxabaletan.</subfield>
   </datafield>
   <datafield ind2=" " ind1=" " tag="520">
      <subfield code="a">Mondragon Unibertsitatea ofertará dos títulos expertos propios a partir de enero de 2015. Los títulos Educador deportivo y Comunicación en las organizaciones tendrán clases presenciales una vez a la semana y se impartirán en el campus de Aretxabaleta. Hemos recogido las características de ambos cursos en dos breves vídeos de presentación. Además, el 11 de diciembre de 2104 se ralizarán unas Jornadas informativas en le campus de Aretxabaleta a las 18:30 de la tarde.</subfield>
   </datafield>
   <datafield ind1="8" ind2=" " tag="024">
      <subfield code="a">http://www.youtube.com/embed/h7W3x8D86zY</subfield>
   </datafield>
   <datafield ind1="8" ind2=" " tag="024">
      <subfield code="a">http://www.youtube.com/embed/hh5EdyAsevs</subfield>
   </datafield>
   <datafield ind1="8" ind2=" " tag="024">
      <subfield code="a">https://hdl.handle.net/20.500.11984/4063</subfield>
   </datafield>
   <datafield tag="653" ind2=" " ind1=" ">
      <subfield code="a">Humanitate eta Hezkuntza Zientzien Fakultatea</subfield>
   </datafield>
   <datafield ind2="0" ind1="0" tag="245">
      <subfield code="a">Irekita matrikula Kirol-hezitzailea eta Komunikazioa erakundeetan aditu tituluetan</subfield>
   </datafield>
   <datafield ind2="0" ind1="0" tag="245">
      <subfield code="a">Abierta la matrícula para los títulos expertos Educador deportivo y Comunicación en las organizaciones</subfield>
   </datafield>
</record></metadata></record></GetRecord></OAI-PMH>